00407nam a2200133Ia 4500003000900000008004100009040001600050080001500066100001900081245010700100260003600207300001400243650001600257IN-BaIIA211028s9999 xx 000 0 eng d cIIA Library a910.4bSIM aSimpson, G. C. 0aBritish (Terra Nova) antartic expedition 1910-1913bvol. III, meteorology, tablescSimpson G. C.  aLondonbHarrison and Sonsc1923 axi, 835p. aMeteorology